000 00825cam a22002653a 4500
001 35878
003 PGUSA
005 20140828083754.0
008 110415s2011||||xxu|||||s|||||000 p eng d
040 _aPGUSA
_beng
042 _adc
050 4 _aPC
100 1 _aAnglade, Joseph,
_d1868-1930
245 1 0 _aLes Troubadours :
_bLeurs vies — leurs oeuvres — leur influence
_h[electronic resource] /
_cJoseph Anglade
260 _bProject Gutenberg,
_c2011
506 _aPublic domain in the USA.
516 _aElectronic text
653 _aProvençal poetry -- History and criticism
653 _aCivilization, Medieval, in literature
653 _aTroubadours
653 _aPoets, Provençal -- Biography
830 0 _aProject Gutenberg
_v35878
856 4 0 _uhttp://www.gutenberg.org/ebooks/35878
942 _cEB
999 _c265133
_d265133